00698nam a2200181Ia 4500008004100000020001800041041000800059082001500067100002300082245009100105260002200196300000800218365001600226700002300242906006100265999001900326952017100345230718s9999 xx 000 0 und d a9788130934150 aeng a155.2bBAR aBarrett J.9108224 aTest Your Numerical Aptitude bHow To Access Your Numeracy Skills And Plan Your Career c2016bSource Book a173 cRs.b195.00 aBarrett J.9108224 dO:0360507-Oct-2016B:SE/SI/338203-Oct-2016cGENRLb243.75 c343489d343489 00104070aCCEPbCCEPd2016-10-15eSuyog EnterprisesfGENRLg146.25iSE/SI/3382l0o155.2pCCEP-BK-54696r2023-07-18 00:00:00t243.75v195.00w2016-10-03yBKz054696